Catálogo

Tiempo y clima / (Registro nro. 12021)

Detalles MARC
000 -LEADER
fixed length control field 01252cam a2200325 i 4500
001 - CONTROL NUMBER
control field 12021
003 - CONTROL NUMBER IDENTIFIER
control field Mx-PuUPA
005 - DATE AND TIME OF LATEST TRANSACTION
control field 20240410103458.0
008 - FIXED-LENGTH DATA ELEMENTS--GENERAL INFORMATION
fixed length control field 140415s1994 mx ado r 000 0 spa d
020 ## - INTERNATIONAL STANDARD BOOK NUMBER
International Standard Book Number 0783533667
040 ## - CATALOGING SOURCE
Original cataloging agency MX-PuUPA
Language of cataloging spa
Description conventions rda
Transcribing agency Mx-PuUPA
Modifying agency Mx-PuUPA
041 1# - LANGUAGE CODE
Language code of text/sound track or separate title spa
Language code of original eng
240 10 - UNIFORM TITLE
Uniform title Weather & climate.
Language of a work Español
245 13 - TITLE STATEMENT
Title Tiempo y clima /
Statement of responsibility, etc. dirección editorial, Joaquín Gasca ; equipo editorial, Antón Gasca, Jesús Villanueva Oria [y otros dos] ; traducción, Josep-Lluís Melero i Nogués [y otros seis].
246 11 - VARYING FORM OF TITLE
Title proper/short title Enciclopedia ilustrada de ciencia y naturaleza.
250 ## - EDITION STATEMENT
Edition statement Edición en español
264 #1 - PRODUCTION, PUBLICATION, DISTRIBUTION, MANUFACTURE, AND COPYRIGHT NOTICE
Place of production, publication, distribution, manufacture Cuernava, Morelos :
Name of producer, publisher, distributor, manufacturer Time Life Inc.,
Date of production, publication, distribution, manufacture, or copyright notice 1994
300 ## - PHYSICAL DESCRIPTION
Extent 148 páginas :
Other physical details ilustraciones, diagramas, fotografías ;
Dimensions 31 cm.
336 ## - CONTENT TYPE
Content type term texto
Fuente rdacontent
Content type code txt
337 ## - MEDIA TYPE
Media type term sin medio
Source rdamedia
Media type code n
338 ## - CARRIER TYPE
Carrier type term volumen
Source rdacarrier
Carrier type code nc
650 #4 - SUBJECT ADDED ENTRY--TOPICAL TERM
Topical term or geographic name entry element Climatología
700 1# - ADDED ENTRY--PERSONAL NAME
Personal name Gasca, Joaquín,
Relator term director
700 1# - ADDED ENTRY--PERSONAL NAME
Personal name Gasca, Antón,
Relator term editor
700 1# - ADDED ENTRY--PERSONAL NAME
Personal name Villanueva Oria, Jesús,
Relator term editor
700 1# - ADDED ENTRY--PERSONAL NAME
Personal name Melero i Nogués, Josep-Lluís,
Relator term traductor
765 08 - ORIGINAL LANGUAGE ENTRY
Main entry heading Gasca, Joaquín,
Title Weather & climate
942 ## - ADDED ENTRY ELEMENTS (KOHA)
Source of classification or shelving scheme Dewey Decimal Classification
Koha item type Libro
Classification part 503
Item part E5615
Existencias
Withdrawn status Lost status Source of classification or shelving scheme Damaged status Not for loan Collection code Home library Current library Shelving location Date acquired Source of acquisition Total Checkouts Full call number Barcode Date last seen Price effective from Koha item type
    Dewey Decimal Classification     Referencia Biblioteca Karol Wojtyla Biblioteca Karol Wojtyla Área de silencio 03/12/2013 Compra   503 ENC 1994 27766 05/01/2026 22/05/2018 Libro R